000
00315nam a22001337a 4500
020
_q
HB.
040
_c
FIZZA ISHAQ
082
_a
624.2
_b
KEN
100
_a
WILLIAM,HANSEN D KENNETH.
_9
89074
245
_a
ROLLER CAMPACTED CONCRETE DAMS /
260
_a
MC GRAW HILL
_c
1991
300
_a
298 P. ;
942
_2
ddc
_c
BK
999
_c
587914
_d
587914